Statistics for Jill Clayburgh Filmography

Click here to take the quiz!

General Stats

  • This quiz has been taken 9 times
    (7 since last reset)
  • The average score is 20 of 82

Answer Stats

TypeYearName% Correct
Film1978An Unmarried Woman
100%
Film2011Bridesmaids
100%
TV Film1975Hustling
100%
Theater1972Pippin
100%
Film1976Silver Streak
100%
Film1979Starting Over
100%
TV Show2007-2009Dirty Sexy Money
67%
Film1997Fools Rush In
67%
Film1976Gable and Lombard
67%
Film1983Hanna K.
67%
Film1982I'm Dancing as Fast as I Can
67%
Film1980It's My Turn
67%
Film1979La Luna
67%
Film2010Love & Other Drugs
67%
Film2001Never Again
67%
TV Show2004Nip/Tuck
67%
Film2006Running with Scissors
67%
Film1987Shy People
67%
TV Show1972The Snoop Sisters
67%
Film1971The Telephone Book
67%
Film1969The Wedding Party
67%
Film1981First Monday in October
33%
TV Film1976Griffin and Phoenix
33%
TV Show1998Law & Order
33%
Film1993Naked in New York
33%
TV Show1968N.Y.P.D.
33%
Film1972Portnoy's Complaint
33%
TV Film1991Reason for Living: The Jill Ireland Story
33%
Film1977Semi-Tough
33%
Film1974The Terminal Man
33%
TV Film1990Unspeakable Acts
33%
Film1986Where Are the Children?
33%
Theater1963A Birthday Party for Shakespeare
0%
TV Show1999-2001Ally McBeal
0%
Theater2005A Naked Girl on the Appian Way
0%
Theater2006Barefoot in the Park
0%
Film1990Beyond the Ocean
0%
TV Show1973CBS Daytime 90
0%
TV Film1997Crowned and Dangerous
0%
Film1992Day of Atonement
0%
Theater1984-1985Design for Living
0%
TV Pilot1993Eligible Dentist
0%
TV Show1999Everything's Relative
0%
Film2001Falling
0%
TV Film1989Fear Stalk
0%
TV Film1993Firestorm: 72 Hours in Oakland
0%
TV Film1994For the Love of Nancy
0%
TV Show1998Frasier
0%
Film1997Going All the Way
0%
TV Film1973Going Places
0%
TV Film1994Honor Thy Father and Mother: The True Story of the Menendez Murders
0%
TV Show2002Leap of Faith
0%
TV Film1992Lincoln
0%
Theater1963Man and Superman
0%
TV Show1974Maude
0%
TV Show1974Medical Center
0%
TV Film1986Miles to Go...
0%
Theater1963Mr. Booth
0%
TV Film1999My Little Assassin
0%
Film1991Pretty Hattie's Baby
0%
Film1992Rich in Love
0%
TV Show1976, 1978Saturday Night Live
0%
TV Show1969-1970Search for Tomorrow
0%
TV Film1973Shock-a-bye, Baby
0%
TV Film1997Sins of the Mind
0%
TV Film1975The Art of Crime
0%
TV Film1969The Choice
0%
Theater2002The Exonerated
0%
TV Film1995The Face on the Milk Carton
0%
TV Show1977The Mike Douglas Show
0%
TV Film2000The Only Living Boy in New York
0%
TV Show2004The Practice
0%
TV Show1974The Rockford Files
0%
Theater1970-1972The Rothschilds
0%
Theater1968The Sudden & Accidental Re-Education of Horse Johnson
0%
Film1973The Thief Who Came to Dinner
0%
TV Show2003The Wonderful World of Disney
0%
TV Film1992Trial: The Price of Passion
0%
TV Show1998-1999Trinity
0%
TV Film1997When Innocence Is Lost
0%
Film1992Whispers in the Dark
0%
TV Film1988Who Gets the Friends?
0%

Score Distribution

Percentile by Number Answered

Percent of People with Each Score

Your Score History

You have not taken this quiz since the last reset